<?xml version="1.0" encoding="UTF-8"?>
<collection xmlns="http://www.loc.gov/MARC21/slim">
 <record>
  <leader>01366nam a2200253   4500</leader>
  <controlfield tag="001">000005732</controlfield>
  <controlfield tag="003">1880</controlfield>
  <controlfield tag="005">20150812140822.0</controlfield>
  <controlfield tag="008">110822s                               sd</controlfield>
  <datafield tag="100" ind1="0" ind2=" ">
   <subfield code="a">Vũ Ngọc Phan</subfield>
  </datafield>
  <datafield tag="245" ind1="0" ind2="0">
   <subfield code="a">Vũ Ngọc Phan toàn tập</subfield>
   <subfield code="b">Trọn bộ 5 tập</subfield>
   <subfield code="c">Vũ Ngọc Phan</subfield>
  </datafield>
  <datafield tag="774" ind1=" " ind2=" ">
   <subfield code="a">Vũ Ngọc Phan</subfield>
   <subfield code="d">Văn học</subfield>
   <subfield code="d">H.</subfield>
   <subfield code="d">2010</subfield>
   <subfield code="g">Tập 1</subfield>
   <subfield code="h">794 tr : chân dung</subfield>
   <subfield code="n">Nhà xuất bản Văn học và gia đình giữ bản quyền tác giả</subfield>
   <subfield code="w">1883</subfield>
  </datafield>
  <datafield tag="774" ind1=" " ind2=" ">
   <subfield code="a">Vũ Ngọc Phan</subfield>
   <subfield code="d">2010</subfield>
   <subfield code="d">H.</subfield>
   <subfield code="d">Văn học</subfield>
   <subfield code="g">Tập 2</subfield>
   <subfield code="h">1011 tr :</subfield>
   <subfield code="n">Nhà xuất bản Văn học và gia đình giữ bản quyền tác giả</subfield>
   <subfield code="t">Văn học hiện đại: Quyển nhất, Q. hai, Q. ba, Q. tư ( Tập thượng ), Q. tư ( Tập hạ )</subfield>
   <subfield code="w">1884</subfield>
  </datafield>
  <datafield tag="774" ind1=" " ind2=" ">
   <subfield code="a">Vũ Ngọc Phan</subfield>
   <subfield code="d">Văn học</subfield>
   <subfield code="d">H.</subfield>
   <subfield code="d">2010</subfield>
   <subfield code="g">Tập 3</subfield>
   <subfield code="h">1027 tr :</subfield>
   <subfield code="n">Nhà xuất bản Văn học và gia đình giữ bản quyền tác giả</subfield>
   <subfield code="w">1887</subfield>
  </datafield>
  <datafield tag="774" ind1=" " ind2=" ">
   <subfield code="d">H.</subfield>
   <subfield code="d">Văn học</subfield>
   <subfield code="d">2011</subfield>
   <subfield code="g">Tập 4</subfield>
   <subfield code="h">855 tr</subfield>
   <subfield code="n">Nhà xuất bản Văn học và gia đình giữ bản quyền tác giả</subfield>
   <subfield code="w">12478</subfield>
  </datafield>
  <datafield tag="774" ind1=" " ind2=" ">
   <subfield code="d">H.</subfield>
   <subfield code="d">Văn học</subfield>
   <subfield code="d">2011</subfield>
   <subfield code="g">Tập 5</subfield>
   <subfield code="h">923 tr</subfield>
   <subfield code="n">Nhà xuất bản Văn học và gia đình giữ bản quyền tác giả</subfield>
   <subfield code="w">12480</subfield>
  </datafield>
  <datafield tag="OWN" ind1=" " ind2=" ">
   <subfield code="a">LSP</subfield>
  </datafield>
  <datafield tag="999" ind1=" " ind2=" ">
   <subfield code="a">From the UDN01</subfield>
  </datafield>
  <datafield tag="TYP" ind1=" " ind2=" ">
   <subfield code="a">Monograph</subfield>
  </datafield>
  <datafield tag="TYP" ind1=" " ind2=" ">
   <subfield code="a">Printed language</subfield>
  </datafield>
  <datafield tag="980" ind1=" " ind2=" ">
   <subfield code="a">Mạng thư viện Đại học Đà Nẵng</subfield>
  </datafield>
 </record>
</collection>
